000 00448cam a2200169 4500
001 4543814
005 20250521121233.0
008 690414s1969 ilua 001 0 eng
050 0 0 _aHB171.5
_b.L3513
082 0 0 _a339
100 1 _aLancaster, Kelvin.
245 1 0 _aIntroduction to modern microeconomics.
260 _aChicago,
_bRand McNally
_c[1969]
300 _aviii, 326 p.
_billus.
_c24 cm.
650 0 _aMicroeconomics.
942 _2lcc
_cBK
_n0
999 _c5890
_d5890